Normal view
MARC view
- Meyer, Henry R.Dr
Entry Personal Name
001 - CONTROL NUMBER
- control field: 59821
003 - CONTROL NUMBER IDENTIFIER
- control field: NUST
005 - DATE AND TIME OF LATEST TRANSACTION
- control field: 20210628202421.0
008 - FIXED-LENGTH DATA ELEMENTS
- fixed length control field: 210628|| aca||aabn | a|a d
040 ## - CATALOGING SOURCE
- Original cataloging agency: NUST
- Transcribing agency: NUST
100 ## - HEADING--PERSONAL NAME
- Personal name: Meyer, Henry R.Dr
670 ## - SOURCE DATA FOUND
- Source citation: Work cat.: (NUST): Meyer, Henry R.Dr, How to manage effectively in the new millennium, 2000
